Ejercicios espirituales 1.

Uloženo v:
Podrobná bibliografie
Hlavní autor: Gutiérrez, Enrique, S.J (autor)
Médium: Kniha
Jazyk:španělština
Témata:
Tagy: Přidat tag
Žádné tagy, Buďte první, kdo vytvoří štítek k tomuto záznamu!

MARC

LEADER 00000nam^a2200000^u^4500
001 000498330
005 20250521000000.0
008 070713s1000^^^^^^^^^^^^r^^^^^000^0^spa^d
009 20260310125655.973
035 |a FCE 000042199 
037 |a Acervo ITESO - Biblioteca 
041 |a spa 
082 0 4 |a 255.53  |b GUTe 
100 |a Gutiérrez, Enrique, S.J  |e (autor) 
245 1 0 |a Ejercicios espirituales 1. 
264 |a México :  |b [s. e].  |c 65 p. 
336 |a texto  |b txt  |2 rdacontenido 
337 |a sin mediación  |b n  |2 rdamedio 
338 |a volumen  |b nc  |2 rdasoporte 
649 |a XX 
650 |a Religión 
650 |a Jesuitas 
650 |a Ejercicios espirituales 
910 |a Fondo Centro de Estudios Educativos 
920 |a Impresos - Libros 
930 |a Fondos Especiales 
905 |a 133 
901 |a ALE049317  |b IT2  |c CEE  |u 20250521 
902 |a https://opac.biblio.iteso.mx/vufind/Record/000498330